| 000 | 01739nam a2200505 i 4500 | ||
|---|---|---|---|
| 001 | 28946 | ||
| 003 | KOSZ 005 | ||
| 005 | 20221122112109.0 | ||
| 008 | 970904s1989 pl a |000 0 pol | ||
| 015 | _aUWD 1990/2530 | ||
| 020 | _a8301092696 | ||
| 020 | _a830109270X | ||
| 035 | _a991002083099705066 | ||
| 035 | _a(PL-WaBN)b10579631-48omnis_nlop | ||
| 035 | _ab10579631 | ||
| 035 | _a(OCoLC)749143875 | ||
| 035 | _a(PL)b0000001057963 | ||
| 035 | _a(EXLNZ-48OMNIS_NETWORK)9910107691905606 | ||
| 040 |
_aWA N _cWA N _dWA N _dKOSZ 005/HR |
||
| 046 | _k1989 | ||
| 080 | _a57.08 | ||
| 080 | _a543.4/.5 | ||
| 245 | 0 | 0 |
_aBiospektroskopia. _nT. 1 / _cpod red. Jacka Twardowskiego ; [aut. Andrzej M. Brzozowski, Andrzej Hrynkiewicz, Eugeniusz Rokita]. |
| 260 |
_aWarszawa : _bPaństwowe Wydawnictwo Naukowe, _c1989. |
||
| 300 |
_a352 s. : _bfot., rys., wykr. ; _c21 cm. |
||
| 336 |
_aTekst _btxt _2rdacontent |
||
| 337 |
_aBez urządzenia pośredniczącego _bn _2rdamedia |
||
| 338 |
_aWolumin _bnc _2rdacarrier |
||
| 380 | _aKsiążki | ||
| 388 | _a1901-2000 | ||
| 388 | _a1989-2000 | ||
| 504 | _aBibliogr. przy rozdz. | ||
| 650 | 7 |
_aBiologia _2DBN |
|
| 650 | 7 |
_aSpektroskopia _2DBN |
|
| 650 | 7 |
_aZastosowanie i wykorzystanie _2DBN |
|
| 658 | _aBiologia | ||
| 700 | 1 |
_aBrzozowski, Andrzej M. _eAutor |
|
| 700 | 1 |
_aHrynkiewicz, Andrzej _d(1925-2016) _eAutor |
|
| 700 | 1 |
_aRokita, Eugeniusz _d(1952- ) _eAutor |
|
| 700 | 1 |
_aTwardowski, Jacek _eRedakcja |
|
| 710 | 2 | _aPaństwowe Wydawnictwo Naukowe | |
| 856 |
_uhttp://koha.tu.koszalin.pl/cgi-bin/koha/opac-detail.pl?biblionumber=28946 _yKatalog online BPK |
||
| 942 |
_2UKD _cKS |
||
| 999 |
_c28946 _d28946 |
||